K problematice rozširování, reprodukce a intenzifikace vinohradnických ploch na svazích (1)

Bibliographic Details
Main Author: Čaněk, Alois (Author)
Format: Article
Language:Czech
PhysicalDescription:Obr. 2.
Subjects:

MARC

LEADER 00000nab a2200000 a 4500
001 vtls000203755
003 SK-MaSNL
005 20260305034804.0
008 160201c1985 xo 0 cze
015 |a SNBRB19rr/mm-uuuuu 
035 |a CL0213868 
040 |a SNKBUCL  |b slo  |c SNKBUCL  |e AACR2 
041 0 |a cze 
044 |a xo  |c SK 
080 |a 634.8.04  |2 1981 
100 1 |a Čaněk, Alois  |4 aut  |9 1009292 
245 1 0 |a K problematice rozširování, reprodukce a intenzifikace vinohradnických ploch na svazích (1)  |c Alois Čaněk 
300 |b Obr. 2. 
500 |a /Začiatok./ 
650 0 7 |a vinice  |2 snkbucl 
655 7 |a články z novín a časopisov  |2 snkbucl  |9 267496 
773 0 |t Vinohrad  |g Roč. 23, č. 1 (1985), s. 6-7 
850 |a Slovenská národná knižnica v Martine  |a MTA001 
852 |a SNK  |b KIS3GCP 
958 |a RK 
958 |a CZ 
992 |a RBX 
999 |c 3330739  |d 3332669